00323nam a2200121Ia 4500008004100000041000800041082001600049100001700065245004500082260003400127300003100161365000900192240624s9999 xx 000 0 und d aeng a657.019 ARN aARNOLD VICKY aADVANCES IN ACCOUNTING BEHAVIORAL RESEAR c2011aUnited KingdombEmerald axii, : 225 : p. : cm. ; 23 cb30